Schauspieler die mit Florian Henckel von Donnersmarck gearbeitet haben - Statistiken

Allgemein
  • Dieses Quiz wurde 4 mal gespielt
  • Das Durchschnittsergebnis liegt bei 9 aus 31
Antwortstatistiken
Film Antwort % Korrekt
Das Leben des Anderen Ulrich Mühe
100%
The Tourist Angelina Jolie
75%
The Tourist Johnny Depp
75%
Das Leben des Anderen, Werk ohne Autor Sebastian Koch
75%
Das Leben des Anderen Ulrich Tukur
75%
Das Leben des Anderen Martina Gedeck
50%
Werk ohne Autor Tom Schilling
50%
Werk ohne Autor Ben Becker
25%
Das Leben des Anderen Charly Hübner
25%
The Tourist Gwilym Lee
25%
Das Leben des Anderen Hans-Uwe Bauer
25%
Das Leben des Anderen Herbert Knaup
25%
Das Leben des Anderen, Werk ohne Autor Hinnerk Schönemann
25%
Werk ohne Autor Jacob Matschenz
25%
Werk ohne Autor Lars Eidinger
25%
Werk ohne Autor Paula Beer
25%
The Tourist Paul Bettany
25%
Werk ohne Autor Rainer Bock
25%
The Tourist Rufus Sewell
25%
Werk ohne Autor Saskia Rosendahl
25%
The Tourist Steven Berkoff
25%
Das Leben des Anderen Thomas Thieme
25%
The Tourist Timothy Dalton
25%
Das Leben des Anderen Volker Michalowski
25%
Werk ohne Autor Florian Bartholomäi
0%
Werk ohne Autor Jeanette Hain
0%
Werk ohne Autor Johanna Gastdorf
0%
Werk ohne Autor Jonas Dassler
0%
Das Leben des Anderen Martin Brambach
0%
Werk ohne Autor Oliver Masucci
0%
The Tourist Ralf Moeller
0%
Keine übereinstimmenden Quizze gefunden
Verteilung der Resultate
Anzahl Personen mit jedem Resultat
Perzentil nach korrekt beantworteten Fragen
Ihre Resultats-Entwicklung
Sie haben dieses Quiz noch nicht gespielt